Rozvoj manažérskych kompetencií študentov Podnikovo-hospodárskej fakulty v Košiciach na predmete Strategický manažment

Rozvoj vybraných manažérskych kompetencií študentov PHF v Košiciach na predmete Strategický manažment, ktorý je vyučovaný v 1. ročníku inžinierskeho štúdia v študijnom programe Finančné riadenie podniku. Analýza využívaných metód výučby s identifikáciou ich pozitív a negatív z pohľadu vyučujúceho ak...

Celý popis

Uložené v:
Podrobná bibliografia
Hlavný autor: Demjanová, Lucia, 1981-
Ďalší autori: Mesároš, Peter
Médium: Kapitola
Jazyk:Slovak
Predmet:
Tagy: Pridať tag
Žiadne tagy, Buďte prvý, kto otaguje tento záznam!

MARC

LEADER 00000naa$a2200000$$$4500
001 0149949
005 20240502083344.2
041 0 |a slo 
044 |a BE 
245 1 0 |a Rozvoj manažérskych kompetencií študentov Podnikovo-hospodárskej fakulty v Košiciach na predmete Strategický manažment  |c Lucia Demjanová, Peter Mesároš 
520 |a Rozvoj vybraných manažérskych kompetencií študentov PHF v Košiciach na predmete Strategický manažment, ktorý je vyučovaný v 1. ročníku inžinierskeho štúdia v študijnom programe Finančné riadenie podniku. Analýza využívaných metód výučby s identifikáciou ich pozitív a negatív z pohľadu vyučujúceho ako i študentov. 
610 2 0 |a výučba vedecká 
610 2 0 |a metódy 
610 2 0 |a vysokoškoláci 
610 2 0 |a predmety učebné 
610 2 0 |a manažment strategický 
100 1 |a Demjanová, Lucia, 1981- 
700 1 |a Mesároš, Peter